Países que contienen en su bandera el color NEGRO - Estadísticas

Estadísticas generales
  • Esta prueba ha sido intentada 88 veces
  • La puntuación promedio es 28 de 44
Estadísticas de respuestas
Continente Respuesta % Correcto
Europa Alemania
91%
Europa Belgica
84%
Africa Egipto
82%
Asia Afganistán
78%
Africa Angola
78%
Asia Yemen
78%
Europa Albania
76%
Asia Irak
76%
Africa Sudan
76%
Africa Sudafrica
73%
Asia Siria
72%
Africa Sudan del Sur
72%
America Trinidad y Tobago
70%
Africa Kenia
69%
Africa Libia
69%
America Antigua y Barbuda
68%
Asia Jordania
68%
Africa Zimbabue
68%
Africa Mozambique
64%
Oceania Papua Nueva Guinea
64%
Africa Zambia
64%
America Jamaica
62%
America Bahamas
61%
America Barbados
61%
Africa Botsuana
61%
Europa Estonia
61%
Africa Lesoto
59%
Africa Tanzania
59%
Africa Uganda
59%
America San Cristobal y Nieves
58%
Asia Corea del Sur
57%
Oceania Vanuatu
57%
Asia Emiratos Arabes Unidos
55%
America Santa Lucia
54%
Africa Santo Tome y Principe
54%
Africa Suazilandia
54%
Africa Ghana
53%
Asia Kuwait
53%
America Guyana
51%
Africa Malaui
51%
Asia Timor Oriental
51%
America Dominica
47%
Asia Brunei
45%
Africa Guinea-Bissau
45%
No se encontraron pruebas coincidentes
Distribución de puntuación
Porcentaje de gente con cada puntuación
Porcentaje por número respondido
Historial de tus puntuaciones
No has intentado esta prueba.